The law and practice of marine insurance and average / (Record no. 572)

MARC details
000 -LEADER
fixed length control field 01107pam a2200313 a 4500
001 - CONTROL NUMBER
control field 2894822
003 - CONTROL NUMBER IDENTIFIER
control field OSt
005 - DATE AND TIME OF LATEST TRANSACTION
control field 20110722092504.0
008 - FIXED-LENGTH DATA ELEMENTS--GENERAL INFORMATION
fixed length control field 870521s1987 mdu b 001 0 eng
010 ## - LIBRARY OF CONGRESS CONTROL NUMBER
LC control number 87013667
020 ## - INTERNATIONAL STANDARD BOOK NUMBER
International Standard Book Number 0870333682 :
Terms of availability $190.00 (set.)
040 ## - CATALOGING SOURCE
Original cataloging agency DLC
Transcribing agency DLC
Modifying agency DLC
043 ## - GEOGRAPHIC AREA CODE
Geographic area code n-us---
050 00 - LIBRARY OF CONGRESS CALL NUMBER
Classification number KF1135
Item number .P35 1987
082 00 - DEWEY DECIMAL CLASSIFICATION NUMBER
Classification number 346.086 PAR
Edition number 19
100 1# - MAIN ENTRY--PERSONAL NAME
Personal name Parks, Alex Leon,
9 (RLIN) 1649
245 14 - TITLE STATEMENT
Title The law and practice of marine insurance and average /
Statement of responsibility, etc by Alex L. Parks.
250 ## - EDITION STATEMENT
Edition statement 1st ed.
260 ## - PUBLICATION, DISTRIBUTION, ETC. (IMPRINT)
Place of publication, distribution, etc Centreville, Md. :
Name of publisher, distributor, etc Cornell Maritime Press,
Date of publication, distribution, etc c1987.
300 ## - PHYSICAL DESCRIPTION
Extent 2 v. (cxxvii, 1516 p.) ;
Dimensions 24 cm.
504 ## - BIBLIOGRAPHY, ETC. NOTE
Bibliography, etc Includes bibliographical references and index.
650 #0 - SUBJECT ADDED ENTRY--TOPICAL TERM
Topical term or geographic name as entry element Marine insurance
Geographic subdivision United States.
9 (RLIN) 1650
650 #0 - SUBJECT ADDED ENTRY--TOPICAL TERM
Topical term or geographic name as entry element Average (Maritime law)
9 (RLIN) 1651
650 #0 - SUBJECT ADDED ENTRY--TOPICAL TERM
Topical term or geographic name as entry element Marine insurance.
9 (RLIN) 1652
740 0# - ADDED ENTRY--UNCONTROLLED RELATED/ANALYTICAL TITLE
Uncontrolled related/analytical title Marine insurance and average.
906 ## - LOCAL DATA ELEMENT F, LDF (RLIN)
a 7
b cbc
c orignew
d 1
e ocip
f 19
g y-gencatlg
942 ## - ADDED ENTRY ELEMENTS (KOHA)
Source of classification or shelving scheme Dewey Decimal Classification
Koha item type Books
Holdings
Withdrawn status Lost status Source of classification or shelving scheme Damaged status Not for loan Home library Current library Shelving location Date acquired Total Checkouts Full call number Barcode Date last seen Price effective from Koha item type
    Dewey Decimal Classification     Law Development Centre Main Library Law Development Centre Main Library Text Books and Laws 04/26/2011   346.086 PAR 2011/2417 04/26/2011 04/26/2011 Books